| 000 | 00773cam a2200253 u 4500 | ||
|---|---|---|---|
| 999 |
_c691 _d691 |
||
| 001 | .b30116132 | ||
| 003 | OCoLC | ||
| 005 | 20191105102404.0 | ||
| 008 | 980624s1988 nyua d 000 0 eng d | ||
| 020 | _a0064460991 (pbk.) | ||
| 020 | _a9780064460996 (pbk.) | ||
| 035 | _a(OCoLC)611103669 | ||
| 040 |
_aSzZUIDS _bger _cCHVBK _dCEG |
||
| 042 | _anbic | ||
| 082 | 0 | _a910.3 KNO | |
| 100 | 1 | _aKnowlton, Jack. | |
| 245 | 1 | 0 |
_aGeography from A to Z : _ba picture glossary / _cby Jack Knowlton ; pictures by Harriett Barton. |
| 260 |
_aNew York : _bHarperCollins Pub., _cc1988. |
||
| 300 |
_a47 p. : _bcol. ill ; _c24 cm. |
||
| 500 | _a"A Trophy picture book" | ||
| 650 | 0 |
_aGeography _vDictionaries, Juvenile. |
|
| 700 | 1 |
_aBarton, Harriett. _eIllustrator |
|
| 942 |
_2ddc _cNFIC |
||